000 01660 a2200301 4500
001 44892
005 20260407155723.0
008 260407a2011 arg spa d
003 AR-UNSa-BCEJYS
040 _aAR-UNSa-BCEJYS
_bspa
_cAR-UNSa-BCEJYS
080 _a316.42(82)
_xCambio social en sociedades globales. Desarrollo social. Sociología del desarrollo en la Argentina(Desarrollo Humano))
245 1 0 _aEstado de situación del desarrollo humano y social
_pbarreras estructurales y dualidades de la sociedad argentina en el primer año del bicentenario
020 _a978-987-620-182-7
264 1 _aBuenos Aires :
_bEDUCA (Editorial de la Universidad Católica Argentina)
_c2011
300 _a325 p.
_c27 cm.
505 _a1. El desarrollo humano y social desde una perspectiva de derechos – 2. Las condiciones habitacionales y de acceso a bienes y servicios urbanos en la Argentina 2010 – 3. Trabajo productivo y trabajo reproductivo – 4. La salud de la población y el acceso al sistema que la atiende – 5. Componentes psicosociales del bienestar subjetivo – 6. Cultura democrática, confianza institucional y compromiso ciudadano -
041 _aspa
942 _cBK
590 _aniveau_biblio:m niveau_hierar:0
100 1 _aAdaszko, Dan
700 1 _aSalvia, Agustín
700 1 _aDonza, Eduardo
700 1 _aMoreno, Carolina
700 1 _aRodríguez Espínola, Solange
700 1 _aSuárez, Agustín de Jesús
700 1 _aPontificia Universidad Católica Argentina. Observatorio de la Deuda Social Argentina
856 4 1 _uhttps://www.biblioeco.unsa.edu.ar/pmb/images/libros/L127023.jpg
_yImagen de portada
_qimage/jpeg
999 _c3841
_d3841